Healing conversations : what to say when you don't know what to say

Bibliographic Details
Main Author: Guilmartin, Nance
Format: Book
Published: San Francisco : Jossey-Bass Publishers , 2002
Subjects:

MARC

LEADER 00000cam a2200000 7i4500
001 0000028814
005 20100111.0
008 100111
020 |a 0787983365 
090 0 0 |a 153.6   |b GUI 
100 1 |a Guilmartin, Nance 
245 1 0 |a Healing conversations :   |b what to say when you don't know what to say   |c Nance Guilmartin 
260 |a San Francisco :   |b Jossey-Bass Publishers ,   |c 2002 
650 0 |a Consolation 
650 0 |a Interpersonal communication 
999 |a 0001060741   |b Book   |c Adult Collection   |e Perbadanan Perpustakaan Awam Johor